000
00295nam a22001337a 4500
008
171106b xxu||||| |||| 00| 0 eng d
020
_a
9789994341603
041
_a
ALB
080
_a
330.722.6
100
_a
61
101
_a
KON
245
_a
KONTABILITETI KOSTOS
_c
LINDITA.L
942
_2
udc
_c
BK
999
_c
37824
_d
37824